Poemas desde el exilio / (Record no. 18592)

MARC details
000 -LEADER
campo de control de longitud fija 00936nam a2200265 i 4500
001 - NÚMERO DE CONTROL
campo de control 18592
003 - IDENTIFICADOR DE NÚMERO DE CONTROL
campo de control ES-MaACL
005 - FECHA Y HORA DE LA ÚLTIMA TRANSACCIÓN
campo de control 20260121063016.0
007 - CAMPO FIJO DE DESCRIPCIÓN FÍSICA--INFORMACIÓN GENERAL
campo de control de longitud fija t|
008 - DATOS DE LONGITUD FIJA--INFORMACIÓN GENERAL
campo de control de longitud fija 011030s2001 sp ||||1| spa d
020 ## - NÚMERO INTERNACIONAL ESTÁNDAR DEL LIBRO
Número Internacional Estándar del Libro 84-8191-394-4
080 ## - NÚMERO DE LA CLASIFICACIÓN DECIMAL UNIVERSAL
Número de la Clasificación Decimal Universal 821.161.1-14"19"
100 ## - ENTRADA PRINCIPAL--NOMBRE DE PERSONA
Nombre de persona Nabokov, Vladimir
9 (RLIN) 239142
245 10 - MENCIÓN DEL TÍTULO
Título Poemas desde el exilio /
Mención de responsabilidad, etc. Vladimir Nabokov ; traducción directa del ruso e introducción, Macarena Carvajal Lloréns ; con la colaboración de Tatiana Gritzai Bielova.
250 ## - MENCION DE EDICION
Mención de edición 1ª ed.
260 ## - PUBLICACIÓN, DISTRIBUCIÓN, ETC.
Lugar de publicación, distribución, etc. Madrid :
Nombre del editor, distribuidor, etc. Pre-Textos,
Fecha de publicación, distribución, etc. 2001.
300 ## - DESCRIPCIÓN FÍSICA
Extensión 195 p. ;
Dimensiones 22 cm.
490 1# - MENCIÓN DE SERIE
Mención de serie Colección La cruz del sur ;
Designación de volumen o secuencia 509
500 ## - NOTA GENERAL
Nota general Texto original y traducción al español.
700 1# - ENTRADA AGREGADA--NOMBRE PERSONAL
Nombre de persona Carvajal Lloréns, Macarena.
9 (RLIN) 35941
700 1# - ENTRADA AGREGADA--NOMBRE PERSONAL
Nombre de persona Gritzai Bielova, Tatiana.
9 (RLIN) 60095
830 0# - PUNTO DE ACCESO ADICIONAL DE SERIE-TÍTULO UNIFORME
Título uniforme Colección La cruz del sur ;
Designación de volumen o secuencia 509
9 (RLIN) 178835
852 ## - LOCALIZACIÓN
Ubicación ES-MaACL
Número de control de estantería L-25152
Sublocalización o colección R.130648
Holdings
Estatus retirado Estado de pérdida Estado de daño No para préstamo Biblioteca de origen Biblioteca actual Ubicación en estantería Fecha de adquisición Fuente de adquisición Total de préstamos Signatura topográfica completa Código de barras Visto por última vez Precio de reemplazo Tipo de ítem Koha
        Biblioteca del Ateneo de Madrid Biblioteca del Ateneo de Madrid Depósito 2 17/01/2008     L-25152 1019026 23/02/2023 23/02/2023 Libro impreso